Environmental physiology and psychology in arid conditions : proceedings of the Lucknow Symposium (Record no. 41783)
[ view plain ]
| 000 -LEADER | |
|---|---|
| fixed length control field | 00835 a2200289 4500 |
| 037 ## - SOURCE OF ACQUISITION | |
| Source of stock number/acquisition | 1, Achat |
| 037 ## - SOURCE OF ACQUISITION | |
| Stock number | S 4401 |
| 111 ## - VEDETTE PRINCIPALE -NOM DE REUNION | |
| Date of meeting | 07-13/12/1962 |
| 111 ## - VEDETTE PRINCIPALE -NOM DE REUNION | |
| Location of meeting | Lucknow |
| 100 ## - VEDETTE PRINCIPALE - NOM DE PERSONNE | |
| Language of a work | En |
| 110 ## - VEDETTE PRINCIPALE - NOM DE COLLECTIVITE | |
| Corporate name or jurisdiction name as entry element | Central Drug Research Institute |
| 111 ## - VEDETTE PRINCIPALE -NOM DE REUNION | |
| Meeting name or jurisdiction name as entry element | Symposium on physiology and psychology in arid and semi-arid conditions |
| 240 ## - UNIFORM TITLE | |
| Uniform title | <a href="Physiologie et psychologie en milieu aride : actes du colloque de Lucknow">Physiologie et psychologie en milieu aride : actes du colloque de Lucknow</a> |
| 260 ## - PUBLICATION, DISTRIBUTION, ETC. (IMPRINT) | |
| Place of publication, distribution, etc | Bruxelles |
| 260 ## - PUBLICATION, DISTRIBUTION, ETC. (IMPRINT) | |
| Name of publisher, distributor, etc | Unesco |
| 245 ## - TITLE STATEMENT | |
| Title | Environmental physiology and psychology in arid conditions : proceedings of the Lucknow Symposium |
| 260 ## - PUBLICATION, DISTRIBUTION, ETC. (IMPRINT) | |
| Date of publication, distribution, etc | 1964 |
| 300 ## - PHYSICAL DESCRIPTION | |
| Extent | 400 p. |
| 300 ## - PHYSICAL DESCRIPTION | |
| Other physical details | 28cm |
| 440 ## - SERIES STATEMENT/ADDED ENTRY--TITLE | |
| Title | Arid zone research |
| 630 ## - SUBJECT ADDED ENTRY--UNIFORM TITLE | |
| Uniform title | 57 - Biologie |
| 650 ## - SUBJECT ADDED ENTRY--TOPICAL TERM | |
| Topical term or geographic name as entry element | 5 - SCIENCES EXACTES ET NATURELLES |
| 650 ## - SUBJECT ADDED ENTRY--TOPICAL TERM | |
| Topical term or geographic name as entry element | Zone aride |
| 710 ## - ADDED ENTRY--CORPORATE NAME | |
| Corporate name or jurisdiction name as entry element | Unesco |
| Withdrawn status | Lost status | Damaged status | Not for loan | Location (home branch) | Sublocation or collection (holding branch) | Date acquired | Koha issues (times borrowed) | Koha full call number | Koha date last seen | Price effective from | Koha item type |
|---|---|---|---|---|---|---|---|---|---|---|---|
| Bibliothèque Universitaire Centrale | Bibliothèque Universitaire Centrale | 28/02/2009 | 591(252) ENV | 28/02/2009 | 28/02/2009 | Livre |